000 00822nam a2200229Ia 4500
003 OSt
005 20220925190233.0
006 a|||||r|||| 00| 0
007 ta
008 220923b |||||||| |||| 00| 0 eng d
020 _a9785202531656
_c858.48000000000002
037 _bDU0124, 27/03/2008, INDEPENDENT PUBLISHERS GROUP
_cGeneral Book
040 _aRTL
_cRTL
_beng
041 _2eng
_aeng
082 _aY:3 (S56).42.N, N9
100 _aPflugfelder Gregory M
_9237809
245 0 _aCartographies of desire
_b Male sexuality in Japanese discourse 1600-1950
260 _aBerkeley
_bUniv. of California Press
_c1999
300 _axi, 399p
_ccm.
942 _hY:3 (S56).42.N, N9
_cGB
_2CC
999 _c513826
_d513826